The Indus civilization. (Record no. 329276)

000 -LEADER
fixed length control field 00859pam a2200265 a 4500
001 - CONTROL NUMBER
control field 1305724
003 - CONTROL NUMBER IDENTIFIER
control field Nust
005 - DATE AND TIME OF LATEST TRANSACTION
control field 20170502131919.0
008 - FIXED-LENGTH DATA ELEMENTS--GENERAL INFORMATION
fixed length control field 820607r19831935nyuaf b 001 0 eng
010 ## - LIBRARY OF CONGRESS CONTROL NUMBER
LC control number 77086434
020 ## - INTERNATIONAL STANDARD BOOK NUMBER
International Standard Book Number 9789693512700
040 ## - CATALOGING SOURCE
Original cataloging agency DLC
Transcribing agency DLC
Modifying agency DLC
043 ## - GEOGRAPHIC AREA CODE
Geographic area code a-pk---
-- a-ii---
050 00 - LIBRARY OF CONGRESS CALL NUMBER
Classification number DS425
Item number .M22 1983
082 00 - DEWEY DECIMAL CLASSIFICATION NUMBER
Classification number 954.91
Author Mark MAC
100 1# - MAIN ENTRY--PERSONAL NAME
Personal name Mackay, Ernest John Henry,
Dates associated with a name 1880-1943.
245 14 - TITLE STATEMENT
Title The Indus civilization.
260 ## - PUBLICATION, DISTRIBUTION, ETC.
Place of publication, distribution, etc. New York :
Name of publisher, distributor, etc. AMS Press,
Date of publication, distribution, etc. 2001.
300 ## - PHYSICAL DESCRIPTION
Extent viii, 210 p.,
Other physical details ill. ;
Dimensions 19 cm.
500 ## - GENERAL NOTE
General note Reprint. Originally published: London : L. Dickson and Thompson, 1935.
500 ## - GENERAL NOTE
General note Includes index.
504 ## - BIBLIOGRAPHY, ETC. NOTE
Bibliography, etc. note Bibliography: p. [203].
650 #0 - SUBJECT ADDED ENTRY--TOPICAL TERM
Topical term or geographic name entry element Indus civilization.
906 ## - LOCAL DATA ELEMENT F, LDF (RLIN)
a 7
b cbc
c orignew
d 1
e opcn
f 19
g y-gencatlg
942 ## - ADDED ENTRY ELEMENTS (KOHA)
Source of classification or shelving scheme
Koha item type Book
Holdings
Withdrawn status Lost status Source of classification or shelving scheme Damaged status Not for loan Collection code Permanent Location Current Location Shelving location Date acquired Total Checkouts Full call number Barcode Date last seen Date last checked out Copy number Price effective from Koha item type
            Central Library (CL) Central Library (CL) Book Cart 05/02/2017 3 954.91 MAC CL2823 01/26/2026 12/25/2025 1 05/02/2017 Book
© 2023 Central Library, National University of Sciences and Technology. All Rights Reserved.